Analýza účtovnej závierky
Salvato in:
| Autore principale: | |
|---|---|
| Natura: | Libro |
| Lingua: | slovacco |
| Pubblicazione: |
Bratislava
SÚVAHA
1994
|
| Soggetti: | |
| Tags: |
Nessun Tag, puoi essere il primo ad aggiungerne!!
|
MARC
| LEADER | 00000nam a2200000 4500 | ||
|---|---|---|---|
| 001 | c005643 | ||
| 005 | 20221214074103.8 | ||
| 020 | |a 80-88727-06-5 | ||
| 041 | 0 | |a slo | |
| 044 | |a SK | ||
| 245 | 1 | 0 | |a Analýza účtovnej závierky |c Anna Šlosárová |
| 264 | 1 | |a Bratislava |b SÚVAHA |c 1994 | |
| 300 | |a 121 s. | ||
| 610 | 2 | 0 | |a uzávierka účtovná |
| 610 | 2 | 0 | |a účtovníctvo |
| 610 | 2 | 0 | |a účty |
| 610 | 2 | 0 | |a podnikatelia |
| 610 | 2 | 0 | |a analýza finančná |
| 610 | 2 | 0 | |a súvaha |
| 610 | 2 | 0 | |a bilancie |
| 610 | 2 | 0 | |a náklady |
| 610 | 2 | 0 | |a výnosy |
| 610 | 2 | 0 | |a zisk |
| 610 | 2 | 0 | |a strata |
| 610 | 2 | 0 | |a rezervy |
| 610 | 2 | 0 | |a výsledok hospodársky |
| 100 | 1 | |a Šlosárová, Anna | |